Aktuálne ekonomicko-finančné problémy mesta Detva diplomová práca

Gespeichert in:
Bibliographische Detailangaben
1. Verfasser: Lupták, Rastislav
Körperschaft: Národohospodárska fakulta EU. Katedra financií
Weitere Verfasser: Beličková, Kornélia, 1966-
Format: Buch
Sprache:Slowakisch
Veröffentlicht: Bratislava 2018
Tags: Tag hinzufügen
Keine Tags, Fügen Sie das erste Tag hinzu!

MARC

LEADER 00000nbm a2200000 4500
001 0244235
005 20181126101212.9
041 0 |a slo 
044 |a SK 
245 1 0 |a Aktuálne ekonomicko-finančné problémy mesta Detva  |b diplomová práca  |c Rastislav Lupták ; školiteľ: Kornélia Beličková 
264 1 |a Bratislava  |c 2018 
300 |a 74 s. 
100 1 |a Lupták, Rastislav 
700 1 |a Beličková, Kornélia, 1966- 
710 2 |a Národohospodárska fakulta EU. Katedra financií